Polscy zawodnicy z powołaniem na Euro U21 - Statystyki

Ogólne statystyki
  • Ten quiz został rozwiązany 30 razy
  • Średni wynik to 16 z 25
Statystyki odpowiedzi
Piłkarz Klub Wartość % Poprawnych
Antoni Kozubal Lech Poznań 5,00 mln €
100%
Kacper Kozłowski Gaziantep FK 4,20 mln €
94%
Michał Gurgul Lech Poznań 3,50 mln €
88%
Sławomir Abramowicz Jagiellonia Białystok 4,00 mln €
82%
Tomasz Pieńko Zagłębie Lubin 2,00 mln €
82%
Ariel Mosór Raków Częstochowa 2,00 mln €
76%
Dominik Marczuk Real Salt Lake City 2,00 mln €
76%
Kacper Tobiasz Legia Warszawa 2,00 mln €
76%
Kacper Trelowski Raków Częstochowa 3,50 mln €
76%
Mateusz Kowalczyk GKS Katowice 1,20 mln €
76%
Arkadiusz Pyrka Piast Gliwice 2,00 mln €
71%
Mariusz Fornalczyk Korona Kielce 800 tys. €
71%
Patryk Peda SS Juve Stabia 400 tys. €
71%
Jakub Kałuziński Antalyaspor 3,50 mln €
65%
Wiktor Bogacz New York Red Bulls 2,00 mln €
65%
Filip Luberecki Motor Lublin 800 tys. €
59%
Filip Szymczak GKS Katowice 1,00 mln €
59%
Łukasz Bejger NK Celje 400 tys. €
59%
Mateusz Łęgowski Yverdon Sport FC 3,00 mln €
47%
Michał Rakoczy MKE Ankaragücü 800 tys. €
41%
Miłosz Matysik Aris Limassol 800 tys. €
41%
Szymon Włodarczyk US Salernitana 1919 2,00 mln €
41%
Kajetan Szmyt Zagłębie Lubin 450 tys. €
35%
Jakub Mądrzyk Stal Mielec 300 tys. €
24%
Bartłomiej Smolarczyk Korona Kielce 450 tys. €
12%
Nie znaleziono quizów pasujących do podanych kryteriów
Rozkład punktacji
Procent ludzi z każdym wynikiem
Percentyl według liczby udzielonych odpowiedzi
Twoja historia wyników
Nie rozwiązałeś tego quizu